000 00390 a2200157 4500
001 150824
020 _a8532903436
040 _cEscola São Tomás de Aquino
100 _aPASSOS, Isabel Cristina
240 1 0 _aO visitante do tempo
_lpor
245 1 0 _aO visitante do tempo
300 _a24
362 0 _a1997
697 _aDesenho gráfico, ilustrações, arte comercial
942 _cBK
999 _c150824
_d150824